LEADER 01032nam0-22002651i-450 001 990005403140403321 005 20240328144301.0 035 $a000540314 035 $aFED01000540314 035 $a(Aleph)000540314FED01 035 $a000540314 100 $a19990530d1961----km-y0itay50------ba 101 0 $aita 105 $ay-------001yy 200 1 $aLeggi sulla tutela delle cose d'interesse artistico o storico e sulla protezione delle bellezze naturali e panoramiche$fMinistero della Pubblica Istruzione. Direzione generale delle Antichita e Belle Arti 210 $aRoma$cIstituto Poligrafico dello Stato$d1961 215 $a29 p.$d26 cm 710 0 $aItalia.$bMinistero della pubblica istruzione$0354240 801 0$aIT$bUNINA$gRICA$2UNIMARC 901 $aBK 912 $a990005403140403321 952 $aARCH. BM MISC. 163 (17)$bARCH. 14826$fFLFBC 959 $aFLFBC 996 $aLeggi sulla tutela delle cose d'interesse artistico o storico e sulla protezione delle bellezze naturali e panoramiche$9591510 997 $aUNINA